000 01253cad a22002415a 4500
001 L148851
008 091117e20091113xxk f l f000 0 eng d
020 _a9780117540187
035 _a(Sirsi) u148851
041 0 _aeng
050 0 4 _a690.241 $2 18
110 1 _aUnited Kingdom
_bDepartment for Communities and Local Government
_94939
245 0 0 _aArrangements for handling heritage applications
_bnotification to the Secretary of State (England), Direction 2009
_h[electronic resource]
260 _aLondon
_bDCLG
_c2009
490 0 _aDCLG Communities and Local Government Circular
_v08/2009
520 _aThis direction, annexed to the circular, removes the requirement for local planning authorities to notify the Secretary of State of applications for listed building consent, except in the case of applications to which English Heritage or one of the National Amenity Societies objected.
521 2 _aAdvanced
590 _aKA NTK
651 4 _aEngland
_y886-
690 _aBUILT ENVIRONMENT-BUILDING TYPES-ANCIENT MONUMENTS AND HISTORIC BUILDINGS-LISTED BUILDINGS
856 4 0 _uhttps://www.communities.gov.uk/publications/planningandbuilding/circularheritage
_zView the circular free of charge at www.communities.gov.uk...
942 _n0
999 _c110264
_d110264